Score 0/18 Timer 05:00
1 Play Today
% Correct
Green Grapes
99.6%
Garlic
96.2%
Guacamole
91.5%
Green Beans
91.5%
Gummy Bears
91%
Gravy
90.7%
Ginger
85.6%
Graham Crackers
80.3%
Granola Bars
77.7%
% Correct
Gumballs
72.6%
Guavas
72.3%
Gelato
70.1%
Gyro
62.5%
Gnocchi
59.8%
Gelatin
59.5%
Gazpacho
51.6%
Gumbo
44%
Goat Cheese
36.8%
Come Together.
Have Fun.
All Virtual.
We all need to come together. Play Sporcle's virtual live trivia to have fun, connect with people, and get your trivia on. Join a live hosted trivia game for your favorite pub trivia experience done virtually. If a virtual private party is more your thing, go here for details.

You're not logged in!

Compare scores with friends on all Sporcle quizzes.
OR
Log In

Sporcle TV

Today on Sporcle TV


Watch our educational content, quiz creation guides, and fun videos on Sporcle TV.

Show Comments

Extras

Top Quizzes Today


Score Distribution

Paid Content

Your Account Isn't Verified!

In order to create a playlist on Sporcle, you need to verify the email address you used during registration. Go to your Sporcle Settings to finish the process.

Report this User

Report this user for behavior that violates our Community Guidelines.

Details: